Normal view
MARC view
- ISO 9000 Series Standards
Entry Topical Term
001 - CONTROL NUMBER
- control field: 86022
003 - CONTROL NUMBER IDENTIFIER
- control field: NUST
005 - DATE AND TIME OF LATEST TRANSACTION
- control field: 20211208102129.0
008 - FIXED-LENGTH DATA ELEMENTS
- fixed length control field: 211208|| aca||aabn | a|a d
040 ## - CATALOGING SOURCE
- Original cataloging agency: NUST
- Transcribing agency: NUST
150 ## - HEADING--TOPICAL TERM
- Topical term or geographic name entry element: ISO 9000 Series Standards
670 ## - SOURCE DATA FOUND
- Source citation: Work cat.: (NUST)31611: Tricker, Ray. 86021, ISO 9001:2000 for Small Business /, 2008.
